<?xml version="1.0" encoding="UTF-8"?>
<marc:record xmlns:marc="http://www.loc.gov/MARC21/slim">
   <marc:leader>00000nam a2200000 a 4500</marc:leader>
   <marc:datafield ind1=" " ind2=" " tag="653">
      <marc:subfield code="a">Klassiker</marc:subfield>
   </marc:datafield>
   <marc:datafield ind1=" " ind2=" " tag="653">
      <marc:subfield code="a">Western</marc:subfield>
   </marc:datafield>
   <marc:datafield ind1="0" ind2="0" tag="245">
      <marc:subfield code="a">Die glorreichen Sieben</marc:subfield>
   </marc:datafield>
   <marc:datafield ind1="0" ind2="0" tag="245">
      <marc:subfield code="b">Deutsch, Englisch</marc:subfield>
   </marc:datafield>
   <marc:datafield ind1=" " ind2="1" tag="264">
      <marc:subfield code="a">Bezau</marc:subfield>
      <marc:subfield code="b">Sony Pictures Home Entertainment</marc:subfield>
      <marc:subfield code="c">2012</marc:subfield>
   </marc:datafield>
   <marc:datafield ind1="1" ind2=" " tag="520">
      <marc:subfield code="a">Die Stadt Rose Creek steht unter der tödlichen Kontrolle des Geschäftsmanns Bartholomew Bogue (Peter Sarsgaard). Die verzweifelten Einwohner engagieren daher zu ihrem Schutz sieben Outlaws, Kopfgeldjäger, Spieler und Revolverhelden - Sam Chisolm (Denzel Washington), Josh Farraday (Chris Pratt), Goodnight Robicheaux (Ethan Hawke), Jack Horne (Vincent D'Onofrio), Billy Rocks (Byung-Hun Lee), Vasquez (Manuel Garcia-Rulfo) und Red Harvest (Martin Sensmeier). Während sie die Stadt auf den gewalttätigen Showdown vorbereiten, der unausweichlich bevorsteht, finden diese sieben Söldner heraus, dass es bei ihrem Kampf um mehr als nur um Geld geht.</marc:subfield>
   </marc:datafield>
   <marc:datafield ind1=" " ind2=" " tag="500">
      <marc:subfield code="a">Interpr.: Kalle Kalima [g]. Flo Götte [b]. Christian Lilinger [dr]. Alfred Vogel [dr,perc]. - Aufn.: Recorded at Tonschmiede Bezau 17th &amp; 18th march 2011, 25th november 2011</marc:subfield>
   </marc:datafield>
   <marc:datafield ind1="0" ind2=" " tag="490">
      <marc:subfield code="v">Vol. 2.</marc:subfield>
   </marc:datafield>
   <marc:datafield ind1=" " ind2=" " tag="300">
      <marc:subfield code="a">1 CD in Album</marc:subfield>
   </marc:datafield>
</marc:record>
